Mikrokomutery swiata

Na minha lista:
Detalhes bibliográficos
Autor principal: Gnilka, Marian
Outros Autores: Haschka, Juliusz
Formato: Livro
Idioma:polonês
Publicado em: Warszawa Instytut Wydawniczy Zwiazków Zawodowych 1989
Edição:1. wyd.
Tags: Adicionar Tag
Sem tags, seja o primeiro a adicionar uma tag!

MARC

LEADER 00000nam a2200000 4500
001 c032839
005 20221215130204.5
041 0 |a pol 
044 |a PL 
245 1 0 |a Mikrokomutery swiata  |c Marian Gnilka, Juliusz Haschka 
250 |a 1. wyd. 
264 1 |a Warszawa  |b Instytut Wydawniczy Zwiazków Zawodowych  |c 1989 
300 |a 191 s. 
100 1 |a Gnilka, Marian 
700 1 |a Haschka, Juliusz